| 000 | 01933cam a2200325 a 4500 | ||
|---|---|---|---|
| 001 | 15562609 | ||
| 005 | 20090916092128.0 | ||
| 008 | 081219s2009 nyu b 001 0 eng | ||
| 010 | _a 2008054545 | ||
| 020 | _a9780521857109 (hardback) | ||
| 020 | _a9780521673860 (pbk.) | ||
| 040 |
_aDLC _cDLC _dDLC |
||
| 050 | 0 | 0 |
_aHD69.S8 _bS68 2009 |
| 082 | 0 | 0 |
_a384 _222 _bSPU |
| 100 | 1 |
_aSpulber, Daniel F. _911258 |
|
| 245 | 1 | 0 |
_aNetworks in telecommunications : _beconomics and law / _cDaniel F. Spulber, Christopher S. Yoo. |
| 250 | _a1st ed. | ||
| 260 |
_aNew York : _bCambridge University Press, _cc.2009. |
||
| 300 |
_axvi, 493 p. ; _c26 cm. |
||
| 500 | _aIncludes Index. | ||
| 504 | _aIncludes bibliographical references (p. 439-471) and index. | ||
| 505 | 0 | _aThe economics of networks -- The structure and functions of networks -- The design and costs of networks -- Pricing network services -- The regulation of networks -- Network regulation basics -- Economic effects of regulating access to networks -- Pricing of access to networks -- Constitutional limits on the pricing of access to networks -- Policy applications -- The regulation of local telephone networks -- Antitrust as applied to network industries -- The regulation of last-mile broadband networks -- The regulation of broadband networks and the internet : network -- Neutrality versus network diversity -- The regulation of broadband networks and the internet : network -- Neutrality versus network capacity. | |
| 650 | 0 |
_aBusiness networks. _911259 |
|
| 650 | 0 |
_aTelecommunication. _911260 |
|
| 650 | 0 |
_aTelecommunication _xLaw and legislation. _911261 |
|
| 700 | 1 |
_aYoo, Christopher S. _911262 |
|
| 942 |
_2ddc _cBB |
||
| 999 |
_c13358 _d13358 |
||